000 00213nam a22001097a 4500
999 _c65312
_d65309
082 _a297.335HUS
100 _aHussain
245 _aIslam Versus and Socialism
260 _aLahore
300 _a170p
942 _cBK